000 00724nas a2200277 4500
001 BR9205190
003 BR-BrBNA
005 20231205092825.0
007 ta
008 230509b bl.|||p| |||| 00| 00por d
040 _aBR-BrBNA
_bpor
_cBiblioteca Nacional de Agricultura
041 _a(Pt)
072 _aQ02; L01
100 1 _aAnon.
245 1 _aCO2 na industria de carne
650 _aCARNE
650 _aBOVINO
650 _aGAS CARBONICO
650 _aABATE
650 _aPRESERVACAO DE ALIMENTO
650 _aMATURACAO
650 _aDESOSSA
773 0 _tAB - Alimentos e Bebidas (Brazil)
_x
_g(May 1967), v. 3(5) p. 6-9
_wBR9205190
909 _a202311
_bLúcia
_c55
_dLúcia Elande
942 _2AGRIS
_n0
_cANA
999 _c134479
_d134479